000 00281nam a2200109 4500
008 160702b xxu||||| |||| 00| 0 eng d
100 _91776
_a Bhatia, R.L
245 _aGraded Pictorial Grammer
260 _aN.D
_bArya
_c2005
300 _aGraded Pictorial Grammer
942 _2ddc
_cBK
999 _c1481
_d1481